| 000 | 00814nam a2200229Ia 4500 | ||
|---|---|---|---|
| 003 | GCL | ||
| 008 | 140319s9999 xx 000 0 ara d | ||
| 020 | _a5181573597 | ||
| 040 |
_aGCL / _cGCL |
||
| 082 | 0 | 4 |
_a005.3 _bم ت |
| 100 | 1 | _aمجدى محمد ابوالعطا | |
| 245 | 1 | 0 |
_aتيسير VISUAL BASIC . NET / _cمجدى محمد ابوالعطا |
| 250 | _aالاولى | ||
| 260 |
_aالقاهرة : _bشركة علوم الحاسب - كمبيوساينس ، _c2003 |
||
| 300 |
_a399 ص ؛ _c24 سم |
||
| 490 |
_aسلسلة تيسير علوم الحاسب _v89 |
||
| 650 | 0 | 4 | _aالحاسبات الالكترونية - برامج |
| 650 | 0 | 4 | _aالبرمجة الالية |
| 650 | 0 | 4 | _aانشاء قواعد البيانات |
| 650 | 0 | 4 | _aفيجوال بيسك دوت نت |
| 942 |
_2ddc _cBK |
||
| 999 |
_c56420 _d56420 |
||